The basis and applications of heterogeneous catalysis
Saved in:
| Hovedforfatter: | |
|---|---|
| Format: | Bog |
| Sprog: | engelsk |
| Udgivet: |
Nueva York
Oxford University Press
1998
|
| Serier: | Oxford Chemistry Primers, 53
|
| Fag: | |
| Tags: |
Tilføj Tag
Ingen Tags, Vær først til at tagge denne postø!
|
MARC
| LEADER | 00000nam a2200000 a 4500 | ||
|---|---|---|---|
| 001 | UCI2279 | ||
| 003 | CL-VaPUC | ||
| 008 | 070810e19980000US |||||||||||||||||eng|d | ||
| 020 | |a 9780198559580 | ||
| 082 | 0 | 4 | |a 541.319 |b BOW |2 21 |
| 100 | 0 | |a Bowker, Michael |e author |9 523225 | |
| 245 | 1 | 4 | |a The basis and applications of heterogeneous catalysis |
| 300 | |a 90 p | ||
| 942 | |c BK | ||
| 945 | |d 20070810 00:00:00 |a jtorresc | ||
| 260 | |a Nueva York |b Oxford University Press |c 1998 | ||
| 650 | 0 | |a Catálisis |9 259915 | |
| 650 | 0 | |a Reacciones químicas |9 259438 | |
| 650 | 0 | |a Termoquímica |9 337401 | |
| 650 | 0 | |a Cinética |9 260943 | |
| 583 | |a last modification |c 20070810 00:00:00 |k Rodrigo Vera | ||
| 490 | 0 | |a Oxford Chemistry Primers, 53 | |
| 999 | |c 326898 |d 326896 | ||
| 952 | |0 0 |1 0 |4 0 |6 541_319000000000000_BOW_1998 |7 0 |8 A |9 409149 |a BIBING |b BIBING |d 2019-11-22 |i 4362993 |o 541.319 BOW 1998 |p 4362993 |r 2025-01-20 |w 2019-11-22 |y BK |k EIQ | ||
| 952 | |0 0 |1 0 |4 0 |6 541_319000000000000_BOW_1998 |7 0 |8 A |9 409150 |a BIBING |b BIBING |d 2019-11-22 |i 4363000 |o 541.319 BOW 1998 |p 4363000 |r 2025-01-20 |w 2019-11-22 |y BK |k EIQ | ||
| 952 | |0 0 |1 0 |4 0 |6 541_319000000000000_BOW_1998 |7 0 |8 A |9 409151 |a BIBING |b BIBING |d 2019-11-22 |i 4363019 |o 541.319 BOW 1998 |p 4363019 |r 2025-01-20 |w 2019-11-22 |y BK |k EIQ | ||
| 952 | |0 0 |1 0 |4 0 |6 541_319000000000000_BOW_1998 |7 0 |8 A |9 409152 |a BIBING |b BIBING |d 2019-11-22 |i 4363027 |o 541.319 BOW 1998 |p 4363027 |r 2025-01-20 |w 2019-11-22 |y BK |k EIQ | ||
| 952 | |0 0 |1 0 |4 0 |6 541_319000000000000_BOW_1998 |7 0 |8 A |9 409153 |a BIBING |b BIBING |d 2019-11-22 |i 4363035 |o 541.319 BOW 1998 |p 4363035 |r 2025-01-20 |w 2019-11-22 |y BK |k EIQ | ||